| 000 | 01038cab a2200265 4500 | ||
|---|---|---|---|
| 001 | X3295 | ||
| 008 | 090401t1996 xxu||||| |||| 00| 0 eng d | ||
| 035 | _a(Sirsi) u29644 | ||
| 041 | _aeng | ||
| 245 | _aHyndburn BC v Winfield Shoe Co. Ltd | ||
| 260 | _c1996 | ||
| 350 | _a0 | ||
| 490 |
_aPlanning Appeal Decisions _v[1996] 11 PAD 162-166(5) |
||
| 520 | _aDecision letter 27 October 1995. Appeal dismissed against the Council`s refusal to grant a lawful development certificate for the existing use of land at Turkey Red Industrial Estate for the open storage of building materials, plant and machinery. | ||
| 650 | _aHYNDBURN BC V WINFIELD SHOE CO. LTD | ||
| 650 | _aINDUSTRIAL ESTATE | ||
| 650 | _aLAWFUL DEVELOPMENT CERTIFICATES | ||
| 650 | _aOPEN STORAGE | ||
| 650 | _aTOWN AND COUNTRY PLANNING (USE CLASSES) ORDER 1987 | ||
| 650 | _aTOWN AND COUNTRY PLANNING ACT 1990 S195 | ||
| 650 | _aTOWN AND COUNTRY PLANNING ACT 1990 S191 | ||
| 690 | _aPLANNING LAW AND PRACTICE-CASE LAW | ||
| 942 | _n0 | ||
| 948 | _c04/03/1997 | ||
| 999 |
_c19947 _d19947 |
||